10 państw z największą liczbą rybaków - Statystyki

Ogólne statystyki
  • Ten quiz został rozwiązany 3 263 razy
  • Średni wynik to 6 z 10
Statystyki odpowiedzi
Ludzie Państwo % Poprawnych
9,17 mln Chiny
95%
9,79 mln Indie
91%
2,67 mln Indonezja
82%
0,877 mln Brazylia
76%
1,91 mln Filipiny
64%
0,530 mln Wietnam
63%
1,71 mln Bangladesz
46%
2,98 mln Mjanma
35%
1,48 mln Nigeria
34%
0,440 mln Demokratyczna Republika Konga
20%
Nie znaleziono quizów pasujących do podanych kryteriów
Rozkład punktacji
Procent ludzi z każdym wynikiem
Percentyl według liczby udzielonych odpowiedzi
Twoja historia wyników
Nie rozwiązałeś tego quizu